1544 1144 1460 1126 1488 1555 1049 1923 1808 1047 1508 1563 1492 1939 1061 1152 1085 1204 1918 1018 1424 1006 1588 1487 1166 1976 1038 1685 1672 1267 1970 1340 1718 1601 1875 1040 1192 1772 1977 1175 1794 1817 1690 1363 1125 1095 1050 1149 1980 1403 1369 1152 1490 1342 1182 1609 1669 1809 1927 1720 1802 1146 1250 1621 1045 1082 1468 1976 1158 1424 1835 1316 1457 1862 1296 1435 1395 1952 1877 1875 1597 1336 1191 1021 1630 1690 1479 1968 1131 1320 1410 1527 1336 1451 1049 1135 1282 1711 1783 BCNSPRNW ULIB Ver.6.0+V

เปลี่ยนเป็นภาษาไทย

Change to English
 แสดงรายละเอียดบรรณานุกรม
  กลับหน้าหลัก

Brief Record : Get Marc (ISO 2709) : E-mail record : QR code < ปิดหน้าต่าง
LEADER : 00000nam 2200000uu 4500
001    13399113489
003     ULIB
008    110627s||||||||th 000 0 tha d
020    97897487251
090    นว.^bค11ต มปป.
100 0  คุโรยานางิ เท็ตสึโก
245 00 โต๊ะโตะจัง เด็กหญิงข้างหน้าต่าง/^cคุโรยานางิ เท็ตสึโก
250    พิมพ์ครั้งที่ 4
260    กรุงเทพฯ :^bกะรัต,^cมปป.
300    216 หน้า
710 1  กะรัต
945    ^p0^l0^i019300
995    ทศพร
999 ^a ใช้งานได้ทุกระบบ
รายการนี้ยังไม่มีแท็ก
คุณยังไม่ได้ล็อกอิน คุณสามารถมีกิจกรรมร่วมกับเว็บไซต์ได้ แต่ต้องล็อกอินก่อน ::
  ล็อกอิน

รายการสื่อสารสนเทศ

ลำดับที่ ประเภท เลขเรียก/บาร์โค้ด สถานที่ สถานะ
1. นวนิยาย
นวนิยาย
นว. ค11ต มปป. ฉ.1 
  Barcode: 019300
ห้องสมุดวิทยาเขตสวรรค์ประชารักษ์
►นวนิยาย
บนชั้น
  ขอยืม

รายการใกล้เคียง
    ผู้แต่ง [คุโรยานางิ เท็ตสึโก]

BibComment


ยังไม่เคยถูกคอมเมนท์

คอมเมนท์ทรัพยากรรายการนี้
  คอมเมนท์: โต๊ะโตะจัง เด็กหญ..


 Copyright 2026. Bcnsprnw @Library